Cuidado al comer.

Guardado en:
Bibliografiske detaljer
Hovedforfatter: Castro, Rosa (autor)
Format: Bog
Sprog:spansk
Serier:(Testimonios del Fondo)
Fag:
Tags: Tilføj Tag
Ingen Tags, Vær først til at tagge denne postø!

MARC

LEADER 00000nam^a2200000^u^4500
001 000524802
005 20250521000000.0
008 130115s10001000^^^^cr^^r^^^^^000^0^spa^d
009 20260310130633.436
035 |a FCE 000069046 
037 |a Acervo ITESO - Biblioteca 
041 |a spa 
082 0 4 |a 616.33  |b CASc 
100 |a Castro, Rosa  |e (autor) 
245 1 0 |a Cuidado al comer. 
264 |a México:  |b Fondo de Cultura Económica;  |c 1975. 
300 |a 63 p. 
336 |a texto  |b txt  |2 rdacontenido 
337 |a sin mediación  |b n  |2 rdamedio 
338 |a volumen  |b nc  |2 rdasoporte 
440 1 |a (Testimonios del Fondo) 
649 |a XX 
650 |a Prevención 
650 |a Enfermedades 
650 |a Causas 
650 |a Efectos 
650 |a Infecciones intestinales 
650 |a Amibiasis 
910 |a Fondo Centro de Estudios Educativos 
920 |a Impresos - Libros 
930 |a Fondos Especiales 
905 |a 133 
901 |a ALE073691  |b IT2  |c CEE  |u 20250521 
902 |a https://opac.biblio.iteso.mx/vufind/Record/000524802